000 02092cam a2200349 a 4500
001 16254877
003 OSt
005 20221124124218.0
008 100527s2011 nyua 001 0 eng
010 _a 2010022237
020 _a9780073530727 (student edition : alk. paper)
020 _a0073530727 (student edition : alk. paper)
020 _a9780077316167 (annotated instructor's edition : alk. paper)
020 _a0077316169 (annotated instructor's edition : alk. paper)
035 _a(OCoLC)ocn633146830
040 _aDLC
_cLC
_dDLC
050 0 0 _aHG4026.B58
082 0 0 _a658.15
_222
100 1 _aBlock, Stanley B.
_9800
245 1 0 _aFoundations of financial management. /
_cStanley B. Block, Geoffrey A. Hirt, Bartley R. Danielsen.
250 _a14th ed.
260 _aNew York:
_bMcGraw-Hill/Irwin,
_c2011.
300 _axxix, 672 p. :
_bcol. ill. ;
_c26 cm.
500 _aIncludes indexes.
505 _aContents: Introduction: The goals and functions of financial management -- Financial analysis and planning: Review of accounting -- Financial analysis -- Financial forecasting -- Operating and financial leverage -- Working capital management: Working capital and the financing decision -- Current asset management -- Sources of short-term financing -- The capital budgeting process: The time value of money -- Valuation and rates of return -- Cost of capital -- The capital budgeting decision -- Risk and capital budgeting -- Long-term financing: Capital markets -- Investment banking: public and private financing -- Common and preferred stock financing -- Dividend policy and retained earnings -- Convertibles, warrants and derivatives -- Expanding the perspective of corporate finance: External growth through mergers -- International financial management --
650 0 _aCorporations
_xFinance.
_9801
700 1 _aHirt, Geoffrey A.
_9802
700 1 _aDanielsen, Bartley R.
_9803
906 _a7
_bcbc
_corignew
_d1
_eecip
_f20
_gy-gencatlg
942 _2lcc
_cBK
999 _c9327
_d16827